000 00637nam a2200169 a 4500
008 120416s1992 ||||||||||||||||| || u
020 _a0442007922
050 _aNA 1 Gre
100 _aGretes, Frances C
245 1 0 _aDirectory of international periodicals and newsletters on the built environment. (2nd ed.)
250 _a2nd ed.
260 _aNew York:
_bVan Nostrand Reinhold
_c1992
300 _axx, 442p.
350 _a0.00
650 _aBUILDING--PERIODICALS--DIRECTORIES
995 _D0.00
_FCBU-MAIN LIBRARY (Kitwe)
_H1
_I0.00
_M1
_UAVAILABLE
_ZMain Library Open Access Collection
999 _c40240
_d40240